000
00288nam a22001337a 4500
008
170621b xxu||||| |||| 00| 0 eng d
020
_a
034012640-X
041
_a
eng
080
_a
94
100
_a
16
101
_a
SHH
245
_a
THE NIGERIAN CIVIL WAR
_c
JORRE,J.S
942
_2
udc
_c
BK
999
_c
18441
_d
18441